000 00938nas a2200265Ia 4500
001 R704/E4283
003 IT-RoPAU
008 151124c99999999xx |||||||||||| ||und||
040 _aIT-RoPAU
040 _cIT-RoPAU
041 _aFRANCESE
100 _aMartin Francois
_gCodice Aut. SPICS: 24312
210 _aSEMIOTIQUE ET BIBLE
222 _aSemiotique Et Bible
245 _aSEMIOTIQUE & BIBLE, N.084-DICEMBRE 1996
_bParabole Des Talents - Matthieu 25, 14-30
250 _a1a ed.
260 _aLYON
_bCADIR
_c1996
501 _bPaulus - SPICS - Società San Paolo EM (non-commercial uses only)
_cCopyright2015
300 _a11 p. [14-24]
310 _aTRIMESTRALE
362 _aANNO 021, N.084-DICEMBRE 1996
500 _aRiflessioni Sulla Parabola dei Talenti in Matteo 25,14-30. Copione del Testo. Uso dei Talenti. Comportamento del Terzo Servo.
650 _aSEMIOTICA - BIBBIA
_vPUBBLICAZIONE PERIODICA
942 _cCR
999 _c144145
_d144145